Rendezvényi vendéglátás sajátosságainak bemutatása a Boscolo Budapest Hotel alapján

Bibliográfiai részletek
Szerző: Kormos Laura
További közreműködők: Sándor Dr. Dénes
Dokumentumtípus: Diplomadolgozat
Kulcsszavak:Rendezvényszervezés
Vendéglátás
Büféétkezés
Rendezvényi vendéglátás
Boscolo Budapest Hotel
Online Access:http://dolgozattar.uni-bge.hu/1868

MARC

LEADER 00000nta a2200000 i 4500
001 dolg1868
005 20151215130848.0
008 150507suuuu hu om 000 hun d
040 |a BGE Dolgozattár Repozitórium  |b hun 
041 |a hu 
100 1 |a Kormos Laura 
245 1 0 |a Rendezvényi vendéglátás sajátosságainak bemutatása a Boscolo Budapest Hotel alapján   |c Kormos Laura  |h [elektronikus dokumentum] 
695 |a Rendezvényszervezés 
695 |a Vendéglátás 
695 |a Büféétkezés 
695 |a Rendezvényi vendéglátás 
695 |a Boscolo Budapest Hotel 
700 1 |a Sándor Dr. Dénes  |e ths 
856 4 0 |u http://dolgozattar.uni-bge.hu/1868/1/Kormos%20Laura%20szakdolgozat%202015.pdf  |z Dokumentum-elérés